| 000 | 00941 a2200277 4500 | ||
|---|---|---|---|
| 999 |
_c200130641 _d30554 |
||
| 001 | 200130641 | ||
| 003 | TR-AnTOB | ||
| 005 | 20231213171226.0 | ||
| 008 | 131009s2013 tu 000 0 | ||
| 020 | _a9780631221692 | ||
| 040 |
_aTR-AnTOB _cTR-AnTOB |
||
| 041 | _aeng | ||
| 050 | 0 | 0 |
_aPR431 _b.C67 2007 |
| 090 | _aPR431 .C67 2007 | ||
| 100 | 1 |
_aCorns, Thomas N. _993458 |
|
| 245 | 1 | 2 |
_aA history of seventeenth-century English literature / _cThomas N. Corns. |
| 264 | 1 |
_aMalden, MA : _bBlackwell, _c2007. |
|
| 300 |
_axi, 463 p. : _bill. ; _c24 cm. |
||
| 490 | 0 | _aBlackwell histories of literature | |
| 504 | _aIncludes bibliographical references (p. [429]-452) and index. | ||
| 650 | 0 |
_aEnglish literature _yEarly modern, 1500-1700 _xHistory and criticism _992990 |
|
| 651 | 0 |
_aBüyük Britanya _xEntellektüel yaşam _y17. yüzyıl _993461 |
|
| 651 | 0 |
_aGreat Britain _xIntellectual life _y17th century _993460 |
|
| 942 |
_cBK _2lcc |
||